Television receiving equipment.

Bibliographic Details
Main Author: Cocking, W. T.
Format: Book
Language:English
Published: London : New York, Philosophical Library, Iliffe & Sons; [1957]
Edition:4th ed.
Subjects:

MARC

Tag First Indicator Second Indicator Subfields
LEADER 00000cam a2200000I 4500
001 in00000048588
005 20151007073534.0
008 760326s1957 enka 000 0 eng
010 |a  57059472  
015 |a GB57-3436 
035 |a (OCoLC)ocm02070599 
035 |a (OCoLC)02070599 
035 |9 AAE9907AM 
040 |a DLC  |c CSU  |d UKM  |d OCL  |d UtOrBLW 
049 |a TXAM  |c [374840] 
050 0 0 |a TK6653  |b .C6 1957 
082 1 |a 621.38836 
100 1 |a Cocking, W. T. 
245 1 0 |a Television receiving equipment. 
250 |a 4th ed. 
264 1 |a London :  |b Iliffe & Sons;  |a New York, Philosophical Library,  |c [1957] 
300 |a 454 pages :  |b illustrations ;  |c 22 cm. 
336 |a text  |b txt  |2 rdacontent 
337 |a unmediated  |b n  |2 rdamedia 
338 |a volume  |b nc  |2 rdacarrier 
650 0 |a Television  |x Receivers and reception. 
650 0 |a Television picture tubes. 
994 |a E0  |b TXA 
999 |a MARS 
999 f f |s 81bfb6db-6879-3c96-92e5-bda77ddec391  |i d0ea852e-4deb-368b-ae90-79aea1e5dafa  |t 0 
952 f f |p ric  |a Texas A&M University  |b Rellis Campus  |c Joint Library Facility  |d Remote Storage  |t 0  |e TK6653 .C6 1957  |h Library of Congress classification  |i unmediated -- volume  |m A14801039897 
998 f f |a TK6653 .C6 1957  |t 0  |l Remote Storage